000 00677nam a2200265Ia 4500
005 20250425162655.0
008 250425s9999 xx 000 0 und d
041 _aspa
043 _ape
082 _a597.0921
100 _aGUERRA, HUMBERTO
245 0 _aMANUAL DE PRODUCCIÓN Y MANEJO DE ALEVINOS DE PAICHE
250 _aS.E
260 _aIQUITOS
260 _aPerú
_bINSTITUTO DE INVESTIGACIONES DE LA AMAZONÍA PERUANA
_c2002
300 _a101
650 _aPECES
700 _aALCANTARA, FERNANDO
700 _aISMIÑO, ROSA
700 _aPADILLA, PALMIRA
700 _aREBAZA, MARIANO
700 _aTELLO, SALVADOR
942 _c01
010 _a95793
999 _c234102
_d234102